| 000 | 00697nam a22002417a 4500 | ||
|---|---|---|---|
| 005 | 20260407150823.0 | ||
| 008 | 260407b |||||||| |||| 00| 0 eng d | ||
| 020 | _a9788126579518 | ||
| 040 | _cAL | ||
| 041 | _aEnglish | ||
| 082 |
_a006.312 _bACHB |
||
| 100 |
_aSeema Acharya and others _9260529 |
||
| 245 | _aBig data and analytics | ||
| 250 | _a2 | ||
| 260 |
_aNew Delhi _bWiley India Pvt Ltd _c2025 |
||
| 300 |
_a364 p. _bPB _c23x18 cm. |
||
| 365 |
_aVBI-2645 _b₹591.75 _c₹ _d₹789.00 _e25% _f20-02-2026 |
||
| 650 |
_aDigital data _9260530 |
||
| 650 |
_abig data _9260531 |
||
| 650 |
_aIntroduction to MonogoDB _9260532 |
||
| 700 |
_aChellappan,Subhashini _9260533 |
||
| 942 |
_2ddc _cBK |
||
| 999 |
_c241165 _d241165 |
||